| 000 | 00644nam a2200169 a 4500 | ||
|---|---|---|---|
| 001 | 000016722 | ||
| 005 | 20200929164943.0 | ||
| 008 | 100310s1950 dr 000 0 spa d | ||
| 040 |
_aDO-SdBNP _bspa _cBNPHU |
||
| 082 |
_axxx _bC215d |
||
| 111 | 2 |
_aConferencia, La cancelación de la deuda pública dominicana _d(1950 jul. 17 : _cSanto Domingo) _937091 |
|
| 245 | 1 | 3 |
_aLa cancelación de la deuda pública dominicana / _cJosé E. García Aybar. |
| 260 |
_aCiudad Trujillo, República Dominicana : _bMontalvo _bPublicaciones del Partido Dominicano, _c1950. |
||
| 300 |
_a19 p. ; _c24 cm. |
||
| 700 | 1 |
_aGarcía Aybar, José E. _936120 |
|
| 049 | _aBNPD | ||
| 999 |
_c16254 _d16254 |
||